Kliknij na tytuł piosenki Queen poprzez ostatnie słowo #2 - Statystyki

Ogólne statystyki
  • Ten quiz został rozwiązany 35 razy
  • Średni wynik to 13 z 20
Statystyki odpowiedzi
Hint Odpowiedź % Poprawnych
Bohemian Rhapsody
100%
I Want To Break Free
96%
A Kind Of Magic
96%
The Show Must Go On
96%
Who Wants To Live Forever
93%
Don't Stop Me Now
93%
Friends Will Be Friends
79%
Father To Son
75%
Fat Bottomed Girls
71%
Seven Seas Of Rhye
68%
Coming Soon
57%
Hammer To Fall
54%
Death On Two Legs
54%
The March Of The Black Queen
54%
Tie Your Mother Down
50%
Sail Away Sweet Sister
43%
Spread Your Wings
43%
It's Late
32%
Brighton Rock
29%
Staying Power
18%
Nie znaleziono quizów pasujących do podanych kryteriów
Rozkład punktacji
Procent ludzi z każdym wynikiem
Percentyl według liczby udzielonych odpowiedzi
Twoja historia wyników
Nie rozwiązałeś tego quizu